Falsa alarma : por qué el pánico ante el cambio climático nos cuesta billones y no salvará el planeta /

Detalles Bibliográficos
Autor principal: Lomborg, Bjørn, 1965- (Autor)
Otros Autores: Otero-Piñeiro, Dulcinea (Traductor)
Formato: Electrónico eBook
Lenguaje:español
inglés
Publicado: Barcelona : Antoni Bosch editor, [2021]
Materias:
Acceso en línea:Digitalia Hispánica

MARC

LEADER 00000nam a2200000Ii 4500
001 DIGANBSCH0049
003 NyNyDIG
006 m o d
007 cr |||||||||||
008 240103s2021 sp ob 001 0 spa d
035 |a (OCoLC)1417821139 
040 |a DGITA  |b eng  |e rda  |e pn  |c DGITA 
020 |a 9788412407624  |q eBook 
020 |z 9788412407617 
041 1 |a spa  |h eng 
050 1 4 |a QC903 ebook 
082 0 4 |a 363.73874  |2 23 
100 1 |a Lomborg, Bjørn,  |d 1965-  |e author. 
240 1 0 |a False alarm.  |l Spanish  |s (Otero-Piñeiro) 
245 1 0 |a Falsa alarma :  |b por qué el pánico ante el cambio climático nos cuesta billones y no salvará el planeta /  |c Bjorn Lomborg, traducción de Dulcinea Otero-Piñeiro. 
264 1 |a Barcelona :  |b Antoni Bosch editor,  |c [2021] 
300 |a 1 online resource. 
336 |a text  |b txt  |2 rdacontent 
337 |a computer  |b c  |2 rdamedia 
338 |a online resource  |b cr  |2 rdacarrier 
347 |a text file  |2 rdaft 
347 |b EPUB 
504 |a Includes bibliographical references and index. 
588 0 |a Online resource; title from ePub title page (Digitalia, viewed January 3, 2024) 
650 0 |a Climatic changes  |x Government policy. 
650 0 |a Economic development  |x Environmental aspects. 
650 0 |a Global warming  |x Government policy. 
700 1 |a Otero-Piñeiro, Dulcinea,  |e translator.  
700 1 |i Translation of:  |a Lomborg, Bjørn,  |d 1965-  |t False alarm. 
791 2 |a Digitalia (Firm),  |e distributor. 
793 0 |g Digitalia eBook Collection:  |a Antoni Bosch Editor 
776 0 8 |i Print version:  |a Lomborg, Bjørn, 1965-  |s False alarm. Spanish (Otero-Piñeiro).  |t Falsa alarma.  |d Barcelona : Antoni Bosch editor, [2021]  |z 9788412407617 
856 4 0 |3 Digitalia Hispánica  |u https://www.digitaliapublishing.com/a/124013/ 
910 |a Premium collection: 2024